000 00326nam a2200133Ia 4500
008 230917s9999||||xx |||||||||||||| ||und||
040 _e148136
_aMAIN
041 _aEnglish
082 _a510 M72M
245 0 _aModern UGC NET: Mathematics
260 _aNew Delhi
_bAnmol Publications
_c2005
300 _a551 p.
942 _cBK
999 _c138085
_d138085